000 00310nam a2200133 i 4500
001 bg
100 1 _aKOWAL, Z.
245 0 _aWybrane działy z konstrukcji stalowych /
_cZ. Kowal.
260 _aWrocław,
_c1970.
040 _cBPK
041 _apol
942 _cKS
008 s pl f |000 0 pol
999 _c10433
_d10433
856 _uhttp://koha.tu.koszalin.pl/cgi-bin/koha/opac-detail.pl?biblionumber=10433
_yKatalog online BPK